Green Day Studio Albums - Statistics

General Stats
  • This quiz has been taken 22 times
  • The average score is 13 of 14
Answer Stats
Year of Release Answer % Correct
2004 American Idiot
100%
1994 Dookie
100%
2012 ¡Dos!
100%
1995 Insomniac
100%
1991 Kerplunk
100%
2012 ¡Tré!
100%
2012 ¡Uno!
100%
2000 Warning
100%
2009 21st Century Breakdown
95%
1997 Nimrod
95%
2016 Revolution Radio
89%
2024 Saviors
89%
2020 Father of All...
84%
1990 39/Smooth
79%
No matching quizzes found
Score Distribution
Percent of People with Each Score
Percentile by Number Answered
Your Score History
You have not taken this quiz